Demokrasiye doğru / (Record no. 12631)

MARC details
000 -BAŞLIK
Sabit Uzunlukta Kontrol Alanı 00682nam a22002297a 4500
999 ## - SİSTEM KONTROL NUMARALARI (KOHA)
Koha Biblionumber 12631
Koha Biblioitemnumber 12631
003 - KONTROL NUMARASI IDENTIFIER
Denetim Alanı MIRAKIL
005 - SON İŞLEM TARİHİ VE ZAMANI
Denetim Alanı 20211214000606.0
008 - SABİT-BOY VERİ ELEMANLARI - GENEL BİLGİLER
Sabit Uzunlukta Kontrol Alanı 190125b tu ||||| |||| 00| 0 tur d
020 ## - ULUSLARARASI STANDART KİTAP NUMARASI
Uluslararası Standart Kitap Numarası 9756782021
040 ## - KATALOGLAMA KAYNAK
Orijinal Kataloglama Ajansı TR-AnCHP
Metne Dönüştürmek Ajansı TR-AnCHP
041 ## - DİL KODU
Metin / Ses Parça Veya Ayrı Başlığın Dil Kodu tur
082 ## - DEWEY ONLU SINIFLANDIRMA NUMARASI
Sınıflandırma Numarası 321.809561
Ürün Numarası S34d 1999
100 1# - ANA GİRİŞ - KİŞİSEL İSİM
Kişisel Ad Selçuk, Sami
Bir Adıyla İlişkilendirilen Tarihler 1937-
245 10 - BAŞLIK TABLOSU
Başlık Demokrasiye doğru /
Sorumluluk Tablosu, Vb Sami Selçuk.
260 ## - YAYIN, DAĞITIM, VB
Yayın, Dağıtım, Vb Yeri Ankara :
Yayıncı, Dağıtıcı, Vs Adı Yeni Türkiye Yayınları,
Yayın, Dağıtım, Vb Tarihi 1999.
300 ## - FİZİKSEL TANIM
Kapsam 250 s. ;
Boyutlar 21 sm.
490 0# - SERİSİ TABLOSU
Seri Beyanı Yeni Türkiye Yayınları;
Hacim / Ardışık Tanımı 4.
500 ## - GENEL NOT
Genel Not Adli yıl açış konuşması ile birlikte.
650 #0 - KONU KATMA GİRİŞ - TOPİKAL DÖNEM
Topikal Süreli Veya Coğrafi Ad Giriş Elemanı Siyaset ve yönetim
Genel Alt Bölümü Türkiye
9 (RLIN) 9
650 #0 - KONU KATMA GİRİŞ - TOPİKAL DÖNEM
9 (RLIN) 339
Topikal Süreli Veya Coğrafi Ad Giriş Elemanı Demokrasi
Genel Alt Bölümü Türkiye
942 ## - EKLENDİ GİRİŞ ELEMANLARI (KOHA)
Sınıflandırma Veya Raf Düzeni Kaynak Dewey Decimal Classification
Koha Öğesi Türü Books
Holdings
Kalıcı Konum Mevcut Konum Edinme Tarihi Edinim Kaynak Toplam Check-Out'Lar Tam Çağrı Numarası Barkod Tarih Son Görülme İtibaren Geçerli Fiyatlar Sigara Kamu Notu Koha Öğesi Türü
CHP Kütüphanesi CHP Kütüphanesi 01/25/2019 Bağış   321.809561 S34d 1999 018738 01/25/2019 01/25/2019 Ertuğrul Çepni bağışıdır. Books
Parti Okulu Kütüphanesi Parti Okulu Kütüphanesi 11/05/2021     321.809561 S34d 1999 P00910 11/05/2021 11/05/2021 Emin Değer Bağışıdır. Books